Los determinantes infinitos y sus aplicaciones a las ecuaciones diferenciales /

Guardado en:
Otros Autores: Germani de Pousa, Aurora V. (Disertante), Panzone, Rafael. (Orientador)
Formato: Manuscrito
Idioma:Spanish
Publicado: 1989.
Etiquetas: Agregar Etiqueta
Sin Etiquetas, Sea el primero en etiquetar este registro!
LEADER 00798ntm a22002055a 4500
001 MAT.inmabb006749
008 120920s1989####xx#######bm###000#0#spa#d
005 20180327115137.0
245 1 4 |a Los determinantes infinitos y sus aplicaciones a las ecuaciones diferenciales /  |c Aurora V. Germani de Pousa. 
260 |c 1989. 
300 |a ii, 172 h. ;  |c 29 cm. 
502 |a Tesis (Magíster)--Universidad Nacional del Sur. Departamento de Matemática, 1989. 
500 |a Director de tesis: Rafael Panzone. 
504 |a Incluye referencias bibliográficas (h. 166-172). 
100 1 |a Germani de Pousa, Aurora V.  |4 dis 
700 1 |a Panzone, Rafael.  |4 ths 
710 2 |a Universidad Nacional del Sur.  |4 dgg 
084 |a 15A15 (34A34)  |2 msc2000 
859 |p A-6898  |b BIB. MATEMATICA 
859 |p A-9177  |t 2  |b BIB. MATEMATICA